000 00628nam a2200217 a 4500
999 _c1403
_d1403
001 1403
003 BD-JhCC
005 20171019090209.0
008 171018s2013 bg ||||| |||| 00| 0 ben d
020 _a9789849041757
035 _a(BD-JhCC) 1403
040 _aBD-JhCC
_dBD-JhCC
041 _aben
082 _a302.23
_bBIS 2013
245 _aবিষয়: গণমাধ্যম /
_cমুহাম্মদ জাহাঙ্গীর (সম্পা.)
300 _a366 p. :
_c22 cm
650 _aMass Media
700 _aজাহাঙ্গীর, মুহাম্মদ
942 _2ddc
_cBK